Lakes ranked by maximum depth - Statistics

General Stats
  • This quiz has been taken 13 times
  • The average score is 6 of 20
Answer Stats
Depth in meters Depth in feets Continent Answer % Correct
1. 1,642 5,387 Asia Baikal
92%
2. 1,470 4,823 Africa Tanganyika
75%
6. 706 2,316 Africa Malawi
67%
8. 614 2,015 North America Great Slave
58%
3. 1,025 3,363 Asia Caspian Sea
50%
7. 668 2,192 Asia Issyk Kul
42%
4. 1,000 3,300 Antarctica Vostok
42%
9. 594 1,949 North America Crater
25%
17. 500 1,640 South America Argentino
17%
11. 586 1,923 South America General Carrera Buenos Aires
8%
12. 514 1,686 Europe Hornindalsvatnet
8%
18. 480 1,575 Africa Kivu
8%
10. 590 1,936 Asia Matano
8%
20. 464 1,523 South America Nahuel Huapi
8%
5. 836 2,742 South America O'Higgins San Martín
8%
13. 511 1,677 North America Quesnel
8%
19. 464 1,523 Europe Salsvatnet
8%
15. 505 1,657 Asia Sarez
8%
16. 501 1,645 North America Tahoe
8%
14. 505 1,657 Asia Toba
8%
No matching quizzes found
Score Distribution
Percent of People with Each Score
Percentile by Number Answered
Your Score History
You have not taken this quiz